000 00213nam a2200097Ia 4500
008 170619s9999 xx 000 0 und d
100 _akasana H S
245 0 _aFluid Dynamics
260 _bNew Delhi: TMH
260 _c1991
546 _aENGLISH
999 _c16398
_d16398